Los principales esfuerzos del gobierno han ido al campo"

Furkejuvvon:
Bibliográfalaš dieđut
Materiálatiipa: Texto
Fáttát:
Fáddágilkorat: Lasit fáddágilkoriid
Eai fáddágilkorat, Lasit vuosttaš fáddágilkora!

MARC

LEADER 00000 a a2200000 04500
001 45624
003
040 |a CRAI/IIS  |c CRAI/IIS 
245 |a Los principales esfuerzos del gobierno han ido al campo"  
500 |a Antes se llamaba: ALAI SERVICIO MENSUAL DE INFORMACION Y DOCUMENTACION  
650 |a GOBIERNO  
650 |a CAMPESINOS  
650 |a TRABAJO  
650 |a SINDICALISMO  
650 |a NICARAGUA  
773 |g volumen12, número102 (Abril, 1988), Págs. 17-18  
999 |c 18315  |d 18315